All JStu Members - Statistics

General Stats
  • This quiz has been taken 15 times
  • The average score is 7 of 9
Answer Stats
Years Member % Correct
2011-Present Andrew
92%
2011-Present Justin
92%
2020-2021 (2023, 2023) Hyper/ Seth
85%
2022-Present Isaac
85%
2017-2020 (Present) Matt/ Zealous
85%
2019-2020, 2021-2022 (2023, 2023) Caleb
77%
2017-2019, 2021-2022, 2023-Present Blake
69%
2023-Present (2021-Present) Drew
54%
2020-2020 (Present) Quin
23%
No matching quizzes found
Score Distribution
Percent of People with Each Score
Percentile by Number Answered
Your Score History
You have not taken this quiz